Statistics for Naruto Characters!

Click here to take the quiz!

General Stats

  • This quiz has been taken 1,336 times
  • The average score is 57 of 88

Answer Stats

HintAnswer% Correct
TakaUchiha Sasuke
99%
KonohaUzumaki Naruto
99%
KonohaHatake Kakashi
96%
KonohaHaruno Sakura
95%
KumoA
94%
KonohaHyuuga Hinata
93%
AkatsukiUchiha Madara
93%
KonohaYamanaka Ino
93%
KonohaHyuuga Neji
92%
KonohaRock Lee
92%
KonohaNara Shikamaru
91%
AkatsukiUchiha Itachi
91%
KonohaAkimichi Chouji
90%
SunaGaara
90%
KonohaTenten
90%
KonohaAburame Shino
89%
KonohaInuzuka Kiba
89%
TakaKarin
89%
AkatsukiNagato
89%
OtoOrochimaru
89%
KonohaTsunade
89%
KonohaMight Guy
88%
KonohaNamikaze Minato
88%
KonohaSarutobi Asuma
88%
SunaTemari
88%
AkatsukiDeidara
86%
AkatsukiHoshikagi Kisame
85%
AkatsukiSasori
84%
KonohaYuuhi Kurenai
84%
AkatsukiHidan
83%
SunaKankuro
83%
TakaJuugo
82%
AkatsukiKonan
82%
TakaHozuki Suigetsu
81%
KonohaHashirama Senju
80%
KonohaJiraiya
80%
KonohaSai
80%
KonohaTobirama Senju
80%
OtoKabuto
79%
KonohaSarutobi Hiruzen
79%
AkatsukiKakuzu
78%
AkatsukiZetsu
77%
KumoKiller Bee
76%
KonohaYamato
76%
KonohaUzumaki Kushina
74%
KonohaUchiha Obito
73%
KonohaSarutobi Konohamaru
71%
AkatsukiYahiko
68%
KonohaUmino Iruka
67%
SunaChiyo
61%
KonohaDanzou
61%
KiriZabuza
60%
KiriHaku
59%
SunaBaki
58%
KonohaMitarashi Anko
57%
KonohaNara Shikaku
55%
KiriTerumi Mei
55%
KonohaShizune
52%
KonohaYamanaka Inoichi
52%
KonohaRin
50%
KonohaAkimichi Chouza
49%
OtoKimimaro
48%
IwaOnoki
46%
OtoTayuya
46%
KumoDarui
43%
KonohaEbisu
42%
KonohaMorino Ibiki
42%
OtoSakon/Ukon
42%
KonohaHayate
41%
KiriAo
37%
OtoJirobo
37%
OtoKidomaru
37%
KonohaMoegi
37%
KonohaUdon
37%
KumoOmoi
35%
KonohaGenma
34%
KumoKarui
34%
OtoKin
31%
KiriChoujuro
29%
OtoDosu
28%
KumoSamui
24%
OtoZaku
24%
IwaKurotsuchi
23%
KonohaAoba
22%
IwaAkatsuchi
21%
KonohaKotetsu
21%
KonohaIzumo
18%
KiriUtakata
18%

Score Distribution

Percentile by Number Answered

Percent of People with Each Score

Your Score History

You have not taken this quiz